Indian baranasamvidanavum baranagadanayum malsarapareekshakalil (Part-II)/ (Record no. 181852)

000 -LEADER
fixed length control field 00546nam a22001697a 4500
020 ## - INTERNATIONAL STANDARD BOOK NUMBER
ISBN 978-81-19443-59-8
082 ## - DEWEY DECIMAL CLASSIFICATION NUMBER
Classification number 342.023
Item number ADH/I.2
100 ## - MAIN ENTRY--AUTHOR NAME
Personal name Adharsh Raj
245 ## - TITLE STATEMENT
Title Indian baranasamvidanavum baranagadanayum malsarapareekshakalil (Part-II)/
Statement of responsibility, etc by Adharsh Raj.
260 ## - PUBLICATION, DISTRIBUTION, ETC. (IMPRINT)
Place of publication Kozhikode:
Name of publisher Pavanatma Publishers Pvt. Ltd.,
Year of publication 2024.
300 ## - PHYSICAL DESCRIPTION
Number of Pages 657-754p.
650 ## - SUBJECT ADDED ENTRY--TOPICAL TERM
Topical Term Indian Polity
650 ## - SUBJECT ADDED ENTRY--TOPICAL TERM
Topical Term Indian Constitution
650 ## - SUBJECT ADDED ENTRY--TOPICAL TERM
Topical Term UPSC Civil Service, KAS, SSC, PSC, RRB - Examination Guide
650 ## - SUBJECT ADDED ENTRY--TOPICAL TERM
Topical Term Social Science
942 ## - ADDED ENTRY ELEMENTS (KOHA)
Koha item type Book
Holdings
Withdrawn status Lost status Damaged status Not for loan Permanent Location Current Location Shelving location Date acquired Cost, normal purchase price Full call number Accession Number Price effective from Koha item type
        Sree Sankaracharya University of Sanskrit Sree Sankaracharya University of Sanskrit Stacks 29.05.2026 200.00 M 342.023 ADH/I.2 108962 29.05.2026 Book